Photography: A critical introduction (Record no. 395996)

MARC details
000 -LEADER
fixed length control field 00526 a2200205 4500
005 - DATE & TIME
control field 20260428145009.0
008 - FIXED-LENGTH DATA ELEMENTS--GENERAL INFORMATION
fixed length control field 260428b |||||||| |||| 00| 0 eng d
020 ## - ISBN
International Standard Book Number 9781041143376
Price Rs. 2995.00
040 ## - CATALOGING SOURCE
Original cataloging agency VIVEKANANDA LIBRARY
082 ## - DDC NUMBER
Classification number 770.1
Book Number W462P(6)
100 ## - MAIN ENTRY--PERSONAL NAME
Personal name Wells, Liz
245 ## - TITLE STATEMENT
Title Photography: A critical introduction
250 ## - EDITION STATEMENT
Edition statement 6th
260 ## - PUBLICATION, DISTRIBUTION, ETC. (IMPRINT)
Name of publisher, distributor, etc Routledge
Date of publication, distribution, etc 2025
Place of publication, distribution, etc London
300 ## - PHYSICAL DESCRIPTION
Pages xxiv, 463
650 ## - Subject
Subject Visual Art
650 ## - Subject
Subject Photography
650 ## - Subject
Subject Historical treatment- Photography
942 ## - ADDED ENTRY ELEMENTS (KOHA)
Koha item type Books
Holdings
Withdrawn status Lost status Source of classification or shelving scheme Damaged status Not for loan Location (home branch) Sublocation or collection (holding branch) Shelving location Date acquired Koha issues (times borrowed) Koha full call number Accession No. Koha date last seen Koha item type
    Dewey Decimal Classification     VIVEKANANDA LIBRARY VIVEKANANDA LIBRARY Vivekananda Library 10/03/2026   770.1 W462P(6) 438668 10/03/2026 Books
© Designed and Maintained by Vivekananda Library, MDU Rohtak